000 00312nam a22001457a 4500
008 210521b ||||| |||| 00| 0 eng d
020 _a9780882681498
041 _aeng
080 _a159.9
082 _a159.9
100 _a48
101 _aPSI
245 _aCompassionate Touch
_cNelson,D
942 _2udc
_cBK
999 _c57573
_d57573